[Event "Spring I"]
[Site "SchemingMind.com"]
[Date "2011.07.06"]
[Round "-"]
[White "Yellow"]
[Black "TRH"]
[Result "1-0"]
[WhiteCountry "INT"]
[BlackCountry "ENG"]
[WhiteElo "2351"]
[WhiteRD "62"]
[BlackElo "1966"]
[BlackRD "63"]
[GameID "287845"]

1. Nf3 d5 2. d4 Nf6 3. Bf4 e6 4. e3 c5 5. Nbd2 Nc6 6. c3 Bd6 7. dxc5 Bxc5 8. Bd3 O-O 9. Qc2 Re8 10. e4 e5
11. Bg5 d4 12. O-O h6 13. Bh4 dxc3 14. bxc3 g5 15. Nb3 Bb6 16. Bg3 Bg4 17. Bb5 Bxf3 18. gxf3 Rc8 19. Rfd1 Qe7 20. a4 a6
21. Bf1 h5 22. a5 Ba7 23. Qd2 Nh7 24. h3 Rcd8 25. Qb2 Nf8 26. Nd2 Rd7 27. Nc4 Red8 28. Qe2 Ng6 29. Rxd7 Rxd7 30. Rb1 Qc5
31. Qa2 h4 32. Bh2 Nf4 33. Bxf4 gxf4 34. Rb2 Kg7 35. Qa4
1-0

[Event "Spring I"]
[Site "SchemingMind.com"]
[Date "2011.07.01"]
[Round "-"]
[White "SittingBull"]
[Black "TRH"]
[Result "0-1"]
[WhiteCountry "CAN"]
[BlackCountry "ENG"]
[WhiteElo "1836"]
[WhiteRD "64"]
[BlackElo "2131"]
[BlackRD "61"]
[GameID "287846"]

1. e4 c5 2. Nf3 d6 3. d4 cxd4 4. Nxd4 Nc6 5. Nc3 Nf6 6. f4 g6 7. Bc4 Bg7 8. O-O O-O 9. Nxc6 bxc6 10. Be3 Ng4
11. Bd4 e5 12. fxe5 Qh4 13. h3 Nxe5 14. Bf2 Qg5 15. h4 Qe7 16. Bb3 Ba6 17. Re1 h5 18. Qd2 Bf6 19. Qf4 Ng4 20. Bg3 Rad8
21. Rad1 Bxh4
0-1

[Event "Spring I"]
[Site "SchemingMind.com"]
[Date "2011.07.02"]
[Round "-"]
[White "D O Vaughan"]
[Black "TRH"]
[Result "0-1"]
[WhiteCountry "WLS"]
[BlackCountry "ENG"]
[WhiteElo "1903"]
[WhiteRD "97"]
[BlackElo "2131"]
[BlackRD "61"]
[GameID "287847"]

1. d4 d5 2. Nf3 Nf6 3. e3 c5 4. Nbd2 e6 5. c3 Nc6 6. Bd3 Bd6 7. O-O O-O 8. dxc5 Bxc5 9. e4 Qc7 10. Qe2 h6
11. Bc2 Bb6 12. exd5 exd5 13. Nb3 Bg4 14. Qd3 Rfe8 15. Nbd4 Rad8 16. Be3 Bxf3 17. Nxf3 Bxe3 18. fxe3 Qb6 19. Nd4 Ne4 20. Rab1 Ne5
21. Qe2 Nc4 22. Bxe4 Rxe4 23. Qf2 Rd7 24. Rfe1 Rde7 25. Nf5 R7e5 26. Re2 g6 27. Nd4 Nxe3 28. Rd2 Kg7 29. Re2 Qa6 30. Qf3 Nxg2
0-1

[Event "Spring I"]
[Site "SchemingMind.com"]
[Date "2011.07.01"]
[Round "-"]
[White "otsenrechess"]
[Black "TRH"]
[Result "1/2-1/2"]
[WhiteCountry "HUN"]
[BlackCountry "ENG"]
[WhiteElo "2301"]
[WhiteRD "51"]
[BlackElo "2155"]
[BlackRD "63"]
[GameID "287848"]

1. d4 d5 2. Nf3 Nf6 3. c4 e6 4. g3 c6 5. Bg2 Nbd7 6. Qc2 Bd6 7. O-O O-O 8. Nbd2 Re8 9. Rd1 Qe7 10. e4 dxe4
11. Nxe4 Nxe4 12. Qxe4 e5 13. Re1 Qf8 14. Qc2 exd4 15. Bd2 Ne5 16. Nxd4 Bg4 17. Rac1 Bc5 18. Nb3 Rad8 19. Nxc5 Qxc5 20. Qc3 f6
21. Be3 Qd6 22. Bxa7=
1/2-1/2

[Event "Spring I"]
[Site "SchemingMind.com"]
[Date "2011.07.02"]
[Round "-"]
[White "kenneth m day"]
[Black "TRH"]
[Result "0-1"]
[WhiteCountry "USA"]
[BlackCountry "ENG"]
[WhiteElo "1943"]
[WhiteRD "55"]
[BlackElo "2131"]
[BlackRD "61"]
[GameID "287849"]

1. d4 d5 2. Bf4 Nf6 3. Nf3 e6 4. h3 c5 5. e3 Nc6 6. c3 Bd6 7. Bxd6 Qxd6 8. Nbd2 O-O 9. Bd3 e5 10. dxe5 Nxe5
11. Nxe5 Qxe5 12. Nf3 Qe7 13. O-O b6 14. Re1 Bb7 15. Qc2 Rfe8 16. Rad1 Bc6 17. Ng5 h6 18. Nf3 Rad8 19. Nh4 Ne4 20. Nf3 Qf6
21. Re2 Nd6 22. Rde1 Bd7 23. Nd2 c4 24. Bh7+ Kh8 25. e4 Kxh7 26. e5+ Qf5 27. Qd1 Nb7 28. Nf3 Nc5 29. Nd4 Qh5 30. Qd2 Nd3
31. Qc2 Kg8 32. Rd1 Nf4 33. Re3 Rxe5 34. Rde1 Rg5 35. Rg3 Nxg2 36. Kxg2 Qxh3+ 37. Kg1 Rxg3+ 38. fxg3 Qxg3+
0-1

[Event "Spring I"]
[Site "SchemingMind.com"]
[Date "2011.07.03"]
[Round "-"]
[White "docjan"]
[Black "Darko"]
[Result "1-0"]
[WhiteCountry "SWE"]
[BlackCountry "ROU"]
[WhiteElo "2302"]
[WhiteRD "56"]
[BlackElo "1740"]
[BlackRD "93"]
[GameID "287871"]

1. d4 Nf6 2. Bg5 d5 3. Nf3 Ne4 4. Bf4 c5 5. Nbd2 Nc6 6. e3 Qb6 7. Rb1 Bg4 8. Be2 e6 9. O-O Be7 10. c3 O-O
11. Nxe4 dxe4 12. Ne5 Bxe2 13. Qxe2 Nxe5 14. Bxe5
1-0

[Event "Spring I"]
[Site "SchemingMind.com"]
[Date "2011.07.06"]
[Round "-"]
[White "docjan"]
[Black "Yellow"]
[Result "1-0"]
[WhiteCountry "SWE"]
[BlackCountry "INT"]
[WhiteElo "2311"]
[WhiteRD "55"]
[BlackElo "2351"]
[BlackRD "62"]
[GameID "287872"]

1. e4 e5 2. Nf3 Nc6 3. Bc4 Nf6 4. Ng5 d5 5. exd5 b5 6. Bf1 Nd4 7. c3 Nxd5 8. cxd4 Qxg5 9. Bxb5+ Kd8 10. O-O Bb7
11. Qf3 exd4 12. d3 Qe5 13. Na3 Bxa3 14. bxa3 Rb8 15. Qxf7 Ne7 16. a4 Qd5 17. Qxd5+ Bxd5 18. Re1 c6 19. Bg5 Re8 20. Re5 h6
21. Rxd5+ cxd5 22. Bd2 Ng6 23. Ba5+ Ke7 24. Re1+ Kf7 25. Bxe8+ Rxe8 26. Rxe8 Kxe8 27. Bc7 Kd7 28. Bb8 a6 29. g3 Kc8 30. Bd6 Kd7
31. Ba3 Ne5 32. f4 Nf7 33. Bc5 h5 34. Bxd4 g5 35. fxg5 Nxg5 36. Kf2 Ne6 37. Bb6 Kc6 38. a5 Kd6 39. Kf3 Ke5 40. g4 h4
41. Bf2 h3 42. d4+ Nxd4+ 43. Bxd4+ Kxd4 44. Kg3 Kc3 45. g5 d4 46. g6 d3 47. g7 d2 48. g8=Q d1=Q 49. Qb3+ Qxb3 50. axb3 Kb4
51. Kxh3
1-0

[Event "Spring I"]
[Site "SchemingMind.com"]
[Date "2011.07.02"]
[Round "-"]
[White "docjan"]
[Black "SittingBull"]
[Result "1-0"]
[WhiteCountry "SWE"]
[BlackCountry "CAN"]
[WhiteElo "2302"]
[WhiteRD "56"]
[BlackElo "1836"]
[BlackRD "64"]
[GameID "287873"]

1. e4 e6 2. d4 d5 3. Nd2 Be7 4. Ngf3 Nf6 5. e5 Nfd7 6. Bd3 c5 7. O-O cxd4 8. Nb3 Nc6 9. Re1 f6 10. exf6 Nxf6
11. Nbxd4 Qd6 12. Qe2
1-0

[Event "Spring I"]
[Site "SchemingMind.com"]
[Date "2011.07.02"]
[Round "-"]
[White "docjan"]
[Black "D O Vaughan"]
[Result "1/2-1/2"]
[WhiteCountry "SWE"]
[BlackCountry "WLS"]
[WhiteElo "2378"]
[WhiteRD "59"]
[BlackElo "2125"]
[BlackRD "78"]
[GameID "287874"]

1. e4 e5 2. f4 exf4 3. Nf3 g5 4. h4 g4 5. Ne5 d6 6. Nxg4 Be7 7. d4 Bxh4+ 8. Nf2 Qg5 9. Nc3 Nf6 10. Qf3 Ng4
11. Nd1 Nxf2 12. Nxf2 Nc6 13. d5 Ne5 14. Qxf4 Qxf4 15. Bxf4 Bf6 16. O-O-O Bd7 17. g3 O-O-O 18. Be2 Rdg8 19. Rdf1 Kd8 20. Kb1 Ke7
21. Rh5 Rg7 22. c3 Rhg8= 23. Nd3 Bg4 24. Bxg4 Nxd3 25. Bh3 Nxf4 26. gxf4 Rg1 27. Rxg1 Rxg1+ 28. Kc2 Kf8 29. Rxh7 Rh1 30. Kb3 Kg8
31. Rh5 Kg7 32. Bg4 Rxh5= 33. Bxh5 Bh4 34. Bg4 Kf6 35. Kc4 Bg3 36. Bc8 Bxf4 37. Bxb7 Bc1 38. b4 Bd2 39. Bc6 Ke5 40. Kd3 Be1
41. a4 Kf6 42. Bd7 Ke7 43. Bg4 Kd8 44. Kd4 f6 45. Kc4 Bd2 46. Kd3 Be1 47. Bf5 Ke7 48. Kc4 Kd8 49. Kb3 Bd2 50. c4 Be1
51. c5 dxc5 52. bxc5 a5 53. Kc4 Bd2 54. Kb5 Bb4 55. Kc6 Ba3 56. d6 cxd6 57. cxd6 Bb4=
1/2-1/2

[Event "Spring I"]
[Site "SchemingMind.com"]
[Date "2011.07.02"]
[Round "-"]
[White "docjan"]
[Black "otsenrechess"]
[Result "1-0"]
[WhiteCountry "SWE"]
[BlackCountry "HUN"]
[WhiteElo "2321"]
[WhiteRD "54"]
[BlackElo "2147"]
[BlackRD "45"]
[GameID "287875"]

1. d4 Nf6 2. c4 e6 3. Nc3 Bb4 4. Nf3 c5 5. g3 cxd4 6. Nxd4 O-O 7. Bg2 d5 8. O-O dxc4 9. Nc2 Bxc3 10. bxc3 Qc7
11. Ne3 Rd8 12. Qa4 Bd7 13. Qxc4 Bc6 14. Bb2 Nbd7 15. Bxc6 bxc6 16. Rfd1 Rab8 17. Ba3 Ne5 18. Qf4 Nd5 19. Qd4 h6 20. Bc5 a5
21. Nc4 Nxc4 22. Qxc4 Qe5 23. Rd4 Rd7 24. a4 Rb2 25. Re1 Rdb7 26. Kg2 R7b3 27. Rg4 Qf5 28. Rc1 e5 29. h3 Qe6 30. Qd3 f5
31. Rh4 g5 32. Rc4
1-0

[Event "Spring I"]
[Site "SchemingMind.com"]
[Date "2011.07.02"]
[Round "-"]
[White "docjan"]
[Black "kenneth m day"]
[Result "1/2-1/2"]
[WhiteCountry "SWE"]
[BlackCountry "USA"]
[WhiteElo "2270"]
[WhiteRD "57"]
[BlackElo "1946"]
[BlackRD "66"]
[GameID "287876"]

1. e4 e6 2. d4 d5 3. Nd2 a6 4. Ngf3 Nf6 5. e5 Nfd7 6. c4 c5 7. cxd5 exd5 8. Bd3 Nc6 9. O-O Be7 10. dxc5 Nxc5
11. Bb1 Bg4 12. Re1 Ne6 13. h3 Bh5 14. Nb3 O-O 15. Bd2 Rc8 16. Bf4 Nxf4 17. Bf5 Rc7 18. g3 Nxh3+ 19. Bxh3 Re8 20. g4 Bg6
21. a3 Be4 22. Nbd2 Bg6 23. Nb3 Be4 24. Nbd2 Bg6 25. Nb3 Be4 26. Nbd2
1/2-1/2

[Event "Spring I"]
[Site "SchemingMind.com"]
[Date "2011.07.02"]
[Round "-"]
[White "docjan"]
[Black "TRH"]
[Result "1-0"]
[WhiteCountry "SWE"]
[BlackCountry "ENG"]
[WhiteElo "2270"]
[WhiteRD "57"]
[BlackElo "2070"]
[BlackRD "62"]
[GameID "287877"]

1. d4 Nf6 2. c4 d6 3. Nf3 g6 4. Nc3 Bg7 5. e4 O-O 6. Be2 e5 7. O-O Nc6 8. d5 Ne7 9. Re1 Ne8 10. h3 f5
11. Bd3 f4 12. b4 g5 13. c5 g4 14. hxg4 Bxg4 15. Bb2 Ng6 16. Be2 Bxf3 17. Bxf3 Qg5 18. cxd6 cxd6 19. Bg4 Nf6 20. Bh3 Nh4
21. Nb5 f3 22. g3 Ne8 23. Rc1 Ng6 24. Be6+ Kh8 25. Re3 Nf4 26. Rxf3 Nxe6 27. dxe6 Qe7 28. Rxf8+ Bxf8 29. Qd5 Nf6 30. Qb3 a6
31. Rc7 Qd8 32. e7 Bxe7 33. Qf7 axb5 34. Rxe7 Qf8 35. Qxf8+ Rxf8 36. f4 Ng4 37. Rxb7 Rc8 38. fxe5 dxe5 39. Rxb5 Rc2 40. Bxe5+ Nxe5
41. Rxe5 Rxa2 42. Re8+ Kg7 43. b5
1-0

[Event "Spring I"]
[Site "SchemingMind.com"]
[Date "2011.07.01"]
[Round "-"]
[White "Darko"]
[Black "docjan"]
[Result "0-1"]
[WhiteCountry "ROU"]
[BlackCountry "SWE"]
[WhiteElo "1740"]
[WhiteRD "93"]
[BlackElo "2302"]
[BlackRD "56"]
[GameID "287878"]

1. e4 c5 2. Nf3 d6 3. d4 cxd4 4. Nxd4 Nf6 5. Nc3 g6 6. Be3 Bg7 7. f3 O-O 8. Qd2 Nc6 9. O-O-O Nxd4 10. Bxd4 Be6
11. Kb1 Qc7 12. h4 a6 13. g4 b5 14. Bxf6 Bxf6 15. Nd5 Bxd5 16. exd5 b4
0-1

[Event "Spring I"]
[Site "SchemingMind.com"]
[Date "2011.07.06"]
[Round "-"]
[White "Yellow"]
[Black "docjan"]
[Result "0-1"]
[WhiteCountry "INT"]
[BlackCountry "SWE"]
[WhiteElo "2075"]
[WhiteRD "72"]
[BlackElo "2378"]
[BlackRD "59"]
[GameID "287879"]

1. Nf3 d5 2. d4 Nf6 3. e3 g6 4. c4 Bg7 5. Nc3 O-O 6. Bd2 c5 7. dxc5 Na6 8. cxd5 Nxc5 9. Bc4 a6 10. b4 Nce4
11. Rc1 b5 12. Bb3 Bb7 13. O-O Qd6 14. a3 Rfd8 15. Qc2 Nxd2 16. Nxd2 Rac8 17. Qd3 e6 18. Nce4 Qb8 19. Nxf6+ Bxf6 20. e4 Bb2
21. Rxc8 Qxc8 22. Nb1 exd5 23. Rd1 Qg4 24. h3 Qh5 25. Qe3 Qe5 26. Qd2 Ba8 27. f4 Qf6 28. Bxd5 Rd7 29. g3 Bxd5 30. exd5 h6
31. Kg2 Ba1 32. Qd3 Qd8 33. f5 g5 34. Qe4 Rd6 35. Qf3 Bb2 36. Rd2 Qf6 37. Re2 Bd4 38. Re8+ Kh7 39. Nd2 Bb6 40. Re1 Qb2
41. Qd3 Kg7 42. Rd1 Kf8 43. Kf3 Qe5 44. Ne4 Qxf5+ 45. Kg2 Rd8 46. d6 Ba7 47. Qd5 Qxd5 48. Rxd5 Bb8 49. Kf3 Kg7 50. g4 Kf8
51. Ke3 f6 52. Kd4 Ba7+ 53. Rc5 Re8 54. Nxf6 Re1 55. Kd5 Kf7 56. Rc7+ Kxf6 57. Rxa7 Rd1+ 58. Kc6 Rd3
0-1

[Event "Spring I"]
[Site "SchemingMind.com"]
[Date "2011.07.01"]
[Round "-"]
[White "SittingBull"]
[Black "docjan"]
[Result "0-1"]
[WhiteCountry "CAN"]
[BlackCountry "SWE"]
[WhiteElo "1854"]
[WhiteRD "66"]
[BlackElo "2312"]
[BlackRD "59"]
[GameID "287880"]

1. e4 e5 2. Nf3 Nc6 3. Bb5 a6 4. Ba4 Nf6 5. Qe2 b5 6. Bb3 Be7 7. O-O d6 8. c3 O-O 9. h3 Na5 10. Bc2 c5
11. d4 Qc7 12. d5 h6 13. Be3 Nc4 14. b3 Nxe3 15. Qxe3 Bd7 16. Nbd2 Nh5 17. Kh2 Nf4 18. Ng1 Bg5 19. Qe1 c4 20. b4 f5
21. Ngf3 Be7 22. g3 fxe4 23. gxf4 exf3 24. Nxf3 Rxf4 25. Ng1 Raf8 26. f3 Qc8 27. Qg3 Bg5 28. Be4 Rh4 29. Qg2 Bf4+
0-1

[Event "Spring I"]
[Site "SchemingMind.com"]
[Date "2011.07.02"]
[Round "-"]
[White "D O Vaughan"]
[Black "docjan"]
[Result "0-1"]
[WhiteCountry "WLS"]
[BlackCountry "SWE"]
[WhiteElo "2000"]
[WhiteRD "87"]
[BlackElo "2321"]
[BlackRD "54"]
[GameID "287881"]

1. e4 c5 2. Nf3 Nc6 3. Bb5 e6 4. O-O Nge7 5. Re1 a6 6. Bxc6 Nxc6 7. d4 cxd4 8. Nxd4 Be7 9. Nxc6 dxc6 10. Be3 Qc7
11. Nd2 O-O 12. Qe2 c5 13. Rad1 b5 14. c4 Rd8 15. Nb3 Bd7 16. Bd2 a5 17. cxb5 a4 18. Na1 Qb7 19. Bc3 Qxb5 20. Qxb5 Bxb5
21. Nc2 Bc4 22. Ra1 Bd3 23. Na3 Rab8 24. Nb1 c4 25. a3 Bc5 26. Nd2 Bd4 27. Rac1 e5 28. Bxd4 Rxd4 29. Nf3 Rxb2 30. Nxd4 exd4
31. Red1 f6 32. f3 Kf7 33. Rxd3 cxd3 34. Rd1 Rb3 35. Ra1 Ke6 36. Kf1 Ke5 37. g3 d2 38. Ke2 h5 39. h4 Re3+ 40. Kf2 Rxa3
41. Rd1 Rb3 42. Ke2 a3 43. Ra1 g5 44. g4 hxg4 45. h5 gxf3+ 46. Kf2 a2 47. h6 Rb1
0-1

[Event "Spring I"]
[Site "SchemingMind.com"]
[Date "2011.07.02"]
[Round "-"]
[White "kenneth m day"]
[Black "docjan"]
[Result "0-1"]
[WhiteCountry "USA"]
[BlackCountry "SWE"]
[WhiteElo "1943"]
[WhiteRD "55"]
[BlackElo "2302"]
[BlackRD "56"]
[GameID "287883"]

1. d4 Nf6 2. Nf3 d5 3. Bf4 e6 4. h3 Bd6 5. Bxd6 Qxd6 6. c3 O-O 7. e3 b6 8. Bd3 Bb7 9. Nbd2 Nbd7 10. O-O c5
11. Re1 Rfd8 12. Qe2 Qc7 13. Rac1 h6 14. c4 dxc4 15. Nxc4 b5 16. Ncd2 a6 17. Ne5 Nxe5 18. Rxc5 Qxc5 19. dxc5 Nxd3 20. Rb1 Nxc5
21. Nf3 Rd7 22. Ne5 Rd5 23. Nf3 Rad8 24. Nd4 e5 25. Nf5 Rd2 26. Qe1 Bd5 27. Qxd2 Rd7 28. b3 Be4 29. Qc3 Bxb1 30. Qxc5 Bxf5
31. Qxe5 Rd5 32. Qb8+ Kh7 33. Qb7 Be4 34. Qxf7 Rg5 35. g3 Rc5 36. g4 h5 37. gxh5 Rg5+ 38. Kf1 Bd3+ 39. Ke1 Ne4
0-1

[Event "Spring I"]
[Site "SchemingMind.com"]
[Date "2011.07.01"]
[Round "-"]
[White "TRH"]
[Black "docjan"]
[Result "0-1"]
[WhiteCountry "ENG"]
[BlackCountry "SWE"]
[WhiteElo "2131"]
[WhiteRD "61"]
[BlackElo "2302"]
[BlackRD "56"]
[GameID "287884"]

1. d4 d5 2. c4 e6 3. Nc3 Nf6 4. Nf3 Be7 5. Bg5 O-O 6. e3 Nbd7 7. Rc1 h6 8. Bh4 a6 9. cxd5 exd5 10. Bd3 c5
11. O-O c4 12. Bb1 b5 13. Ne5 Bb7 14. Nxd7 Qxd7 15. Qf3 b4 16. Ne2 Rfd8 17. Bc2 a5 18. Ng3 g5 19. Nh5 Ne4 20. Bg3 Qe6
21. Rfe1 Rf8 22. Qe2 Ba6 23. Bxe4 dxe4 24. Qd1 Bb7 25. f3 Rfc8 26. f4 g4 27. Bf2 f5 28. Ng3 a4 29. h3 h5 30. Nxh5 gxh3
31. gxh3 a3 32. bxa3 Rxa3 33. Re2 c3 34. Be1 Rxa2 35. Ng3 Rxe2 36. Nxe2 Kf7 37. Kh2 Qa2 38. Rc2 Qb3 39. Nc1 Qe6 40. Ne2 Qg6
41. Rc1 Rg8 42. Ng3 Bd5 43. Qa4 Ra8 44. Qb5 Ke6 45. Rc2 Bd6 46. Rg2 Qe8 47. Qf1 Be7 48. Kh1 Qa4 49. Ne2 c2 50. Bd2 b3
51. Bc1 Qa1 52. Rg1 b2 53. Bxb2 Qxb2 54. Qg2 Ra1
0-1